Eksport udført — 

Những bậc thầy văn chương

Gespeichert in:
Bibliographische Detailangaben
1. Verfasser: Lê Huy Hoà
Format: Buch
Sprache:Undetermined
Veröffentlicht: H. Văn Học 2003
Schlagworte:
Tags: Tag hinzufügen
Keine Tags, Fügen Sie den ersten Tag hinzu!
Thư viện lưu trữ: Trung tâm Học liệu Trường Đại học Cần Thơ
LEADER 00522nam a2200193Ia 4500
001 CTU_53773
008 210402s9999 xx 000 0 und d
020 |b 150000 
082 |a 808 
082 |b H401 
100 |a Lê Huy Hoà 
245 0 |a Những bậc thầy văn chương 
245 0 |c Lê Huy Hòa và Nguyễn Văn Bình 
260 |a H. 
260 |b Văn Học 
260 |c 2003 
650 |a literature 
650 |x collections 
980 |a Trung tâm Học liệu Trường Đại học Cần Thơ